General Knowledge (IMPOSSIBLE) - Statistics

General Stats
  • This quiz has been taken 5 times
  • The average score is 7 of 15
Answer Stats
Hint Answer % Correct
What do you put in a toaster? MIlk
75%
Who is the leader of the Autobots? Scooby Doo
75%
What is the record amount of cans drunk by one person at Creamfields? 47
50%
Name an animal with three letters in its name. Alligator
50%
Name a famous Jewish holiday. All of them
50%
What country is recognised by the UN, but is debatedly not a country? Belgium
50%
Who is our Australian boy? Cammy Devlin
50%
What is house in German? Casa
50%
Name a benefit of homemade Pickle Pepsi. Cheap / Free
50%
Who allegedly had an affair with Barack Hussein Obama? Ice Spice
50%
Who famously has their birthday celebrated EVERY YEAR on December 25? Justin Trudeau
50%
According to legend, time is equal to what? Time
50%
What do baby cows drink? Toast
50%
Finish the equation: E=? Ecstacy
25%
What color is snow? ثلج
0%
No matching quizzes found
Score Distribution
Percent of People with Each Score
Percentile by Number Answered
Your Score History
You have not taken this quiz